000 00637nam a2200205Ia 4500
003 IN-BaIIA
008 211028s9999 xx 000 0 eng d
020 _a0-07-070360-4
040 _cIIA Library
080 _a535.4
_bCOM
245 0 _aCompton scattering
_bthe investigation of electron momentum distributions
_cedited by Brian Williams
260 _aNew York
_bMcGraw-Hill
_c1977
300 _axv, 366p.
650 _aCompton scattering
_99673
650 _aLight scattering
_93487
650 _aNASA thesaurus
650 _aScattering
_93302
700 _aWilliams, Brian., ed.
_99674
942 _cBK
999 _c5566
_d5566